000 00654cam a22002054a 4500
001 13679263
005 20250529161529.0
008 040806s2005 miua b 001 0 eng
020 _a0801027985 (hardcover)
050 0 0 _aBV4211.3
_b.C48 2005
082 0 0 _a251
_222
100 1 _aChapell, Bryan.
245 1 0 _aChrist-centered preaching :
_bredeeming the expository sermon /
_cBryan Chapell.
250 _a2nd ed.
260 _aGrand Rapids, Mich. :
_bBaker Academic,
_cc2005.
300 _a400 p. :
_bill. ;
_c24 cm.
650 0 _aPreaching.
856 4 1 _3Table of contents
_uhttp://www.loc.gov/catdir/toc/ecip0421/2004018671.html
942 _2lcc
_cBK
_n0
999 _c6042
_d6042